书目信息 |
| 题名: |
青年必知科学历程手册
|
|
| 作者: | 刘里远 主编 | |
| 分册: | ||
| 出版信息: | 北京 中国国际广播出版社 1999 |
|
| 页数: | 15,487页 | |
| 开本: | 20cm | |
| 丛书名: | ||
| 单 册: | ||
| 中图分类: | G321.9 | |
| 科图分类: | ||
| 主题词: | 自然科学史--世界--普及读物 , 科学研究事业--世界 | |
| 电子资源: | ||
| ISBN: | 7-5078-1798-9 | |
| 000 | 00639nam0 2200217 450 | |
| 001 | 1239552164 | |
| 005 | 20121005110030.18 | |
| 010 | @a7-5078-1798-9@dCNY25.00 | |
| 100 | @a20000908d1999 em y0chiy0121 eb | |
| 101 | 0 | @achi |
| 102 | @aCN@b110000 | |
| 105 | @af z 000yy | |
| 200 | 10 | @a青年必知科学历程手册@Aqing nian bi zhi ke xue li cheng shou ce@f刘里远主编 |
| 210 | @a北京@c中国国际广播出版社@d1999 | |
| 215 | @a15,487页@c插图@d20cm | |
| 606 | 0 | @a自然科学史@y世界@x普及读物 |
| 606 | 0 | @a科学研究事业@x世界 |
| 690 | @aG321.9@v4 | |
| 701 | 0 | @a刘里远@Aliu li yuan@4主编 |
| 801 | 0 | @aCN@bNLC@c20101222 |
| 905 | @a10447@dG321.9@eJY7 | |
| 青年必知科学历程手册/刘里远主编.-北京:中国国际广播出版社,1999 |
| 15,487页:插图;20cm |
| ISBN 7-5078-1798-9:CNY25.00 |
| ● |
| 相关链接 |
|
|
|
|
正题名:青年必知科学历程手册
索取号:G321.9/JY7
 
预约/预借
| 序号 | 登录号 | 条形码 | 馆藏地/架位号 | 状态 | 备注 |
| 1 | 7805029 | 278050298 | 学院路分馆/ [索取号:G321.9/JY7] | 在馆 | |
| 2 | 7805030 | 278050305 | 学院路分馆/ [索取号:G321.9/JY7] | 在馆 |